Every thing on it : Poems and drawings

The second original book to be published since Silverstein's passing in 1999, this poetry collection includes more than one hundred and thirty never-before-seen poems and drawings completed by the cherished American artist and selected by his family from his archives.

Сохранить в:
Библиографические подробности
Главный автор: Silverstein, Shel
Формат:
Язык:Undetermined
Опубликовано: New York Harper [2011]
Предметы:
Метки: Добавить метку
Нет меток, Требуется 1-ая метка записи!
Thư viện lưu trữ: Trung tâm Học liệu Trường Đại học Cần Thơ
LEADER 00752nam a2200193Ia 4500
001 CTU_226056
008 210402s9999 xx 000 0 und d
082 |a 811.54 
082 |b S587 
100 |a Silverstein, Shel 
245 0 |a Every thing on it : 
245 0 |b Poems and drawings 
245 0 |c Shel Silverstein 
260 |a New York 
260 |b Harper 
260 |c [2011] 
520 |a The second original book to be published since Silverstein's passing in 1999, this poetry collection includes more than one hundred and thirty never-before-seen poems and drawings completed by the cherished American artist and selected by his family from his archives. 
650 |a Poetry,Thơ 
980 |a Trung tâm Học liệu Trường Đại học Cần Thơ